| 000 | 00485cam a22002052a 4500 | ||
|---|---|---|---|
| 001 | 010860 | ||
| 003 | AR-FADEU | ||
| 008 | 311216n1968####xxu####################dd | ||
| 092 |
_a808.84 _bM985 |
||
| 100 | _aMuscatine, Charles | ||
| 245 | _aThe borzoi college reader | ||
| 260 | _aNw Yord | ||
| 260 | _bAlfred. A. Knopf | ||
| 260 | _c1968 | ||
| 300 | _a392 p | ||
| 700 | _aMarlene, Griffrith | ||
| 650 | _a/LITERATURA/ENSAYO/REVISADO/ | ||
| 546 | _aInglés | ||
| 942 | _cBDGR | ||
| 999 |
_c16643 _d16643 |
||